Ancient civilizations of the Andes / (Record no. 11944)

MARC details
000 -LEADER
campo de control de longitud fija 00683nam a2200217 i 4500
001 - NÚMERO DE CONTROL
campo de control 11944
003 - IDENTIFICADOR DE NÚMERO DE CONTROL
campo de control ES-MaACL
005 - FECHA Y HORA DE LA ÚLTIMA TRANSACCIÓN
campo de control 20230906150216.0
007 - CAMPO FIJO DE DESCRIPCIÓN FÍSICA--INFORMACIÓN GENERAL
campo de control de longitud fija t|
008 - DATOS DE LONGITUD FIJA--INFORMACIÓN GENERAL
campo de control de longitud fija 970115s1931 xxua |||| | eng d
080 ## - NÚMERO DE LA CLASIFICACIÓN DECIMAL UNIVERSAL
Número de la Clasificación Decimal Universal 930.85(84/87)
080 ## - NÚMERO DE LA CLASIFICACIÓN DECIMAL UNIVERSAL
Número de la Clasificación Decimal Universal 904(84/87)
100 1# - ENTRADA PRINCIPAL--NOMBRE DE PERSONA
Nombre de persona Means, Philip Ainsworth.
9 (RLIN) 79637
245 10 - MENCIÓN DEL TÍTULO
Título Ancient civilizations of the Andes /
Mención de responsabilidad, etc. by Philip Ainsworth Means.
260 ## - PUBLICACIÓN, DISTRIBUCIÓN, ETC.
Lugar de publicación, distribución, etc. New York :
Nombre del editor, distribuidor, etc. Charles Scribner's Sons,
Fecha de publicación, distribución, etc. 1931.
300 ## - DESCRIPCIÓN FÍSICA
Extensión XVIII, 586 p., :
Otras características físicas il. ;
Dimensiones 24 cm.
504 ## - NOTA DE BIBLIOGRAFÍA, ETC.
Nota de bibliografía, etc. Bibliografía: p. 545-573.
650 #4 - PUNTO DE ACCESO ADICIONAL DE MATERIA--TÉRMINO DE MATERIA
Término de materia o nombre geográfico como elemento de entrada Indios de América del Sur-
Subdivisión general Civilización.
9 (RLIN) 13682
651 #4 - PUNTO DE ACCESO ADICIONAL DE MATERIA--NOMBRE GEOGRÁFICO
Nombre geográfico Andes (Región)-
Subdivisión general Historia.
9 (RLIN) 7777
852 ## - LOCALIZACIÓN
Ubicación ES-MaACL
Número de control de estantería G-4499
Holdings
Estatus retirado Estado de pérdida Estado de daño No para préstamo Biblioteca de origen Biblioteca actual Ubicación en estantería Fecha de adquisición Fuente de adquisición Total de préstamos Signatura topográfica completa Código de barras Visto por última vez Precio de reemplazo Tipo de ítem Koha
        Biblioteca del Ateneo de Madrid Biblioteca del Ateneo de Madrid Depósito 2 17/01/2008     G-4499 1012171 23/02/2023 23/02/2023 Libro impreso